|
|
|
|
| LEADER |
00000nam a22000007i 4500 |
| 001 |
IT\ICCU\UBO\2260926 |
| 003 |
ItRI |
| 005 |
20260115231819.0 |
| 008 |
030730s1990 xxu|||||| ||||| |||||c |
| 020 |
|
|
|a 0586089632 (pbk)
|
| 020 |
|
|
|a 0586090193 (hardcover)
|
| 040 |
|
|
|b ita
|c importazione bologna sebina
|
| 041 |
|
7 |
|a eng
|2 ISO-639-2
|
| 100 |
1 |
|
|a Indiana, Gary
|0 IT\ICCU\CFIV\163717
|4 aut
|
| 245 |
1 |
0 |
|a Horse crazy /
|c Gary Indiana.
|
| 260 |
|
|
|a London :
|b Paladin,
|c 1990
|
| 300 |
|
|
|a 189 p. ;
|c 20 cm.
|
| 942 |
|
|
|2 ddc
|c BK
|n 0
|
| 952 |
|
|
|0 0
|1 0
|4 0
|6 DOC_813_540000000000000_IND
|7 0
|9 13319
|a BO
|b BO
|d 2026-01-15
|i 7621
|l 0
|o DOC 813.54 IND
|p BO7621
|r 2026-01-15 23:18:19
|w 2026-01-15
|x [Sebina 5] [1 v.]
|y BK
|z 1 v.
|
| 999 |
|
|
|c 11439
|d 11439
|